| 000 | 00379nam a2200133Ia 4500 | ||
|---|---|---|---|
| 008 | 211109s9999||||xx |||||||||||||| ||und|| | ||
| 082 |
_a894.8123 _bBEE-M |
||
| 100 | _aBeevi [s], | ||
| 245 | 0 | _aMookaragam | |
| 260 |
_bCurrent Books _aTRICHUR _c1959 |
||
| 630 | _xGeneral Stack | ||
| 650 |
_aLiterature & rhetoric _vmalayalam literaturemalayalam stories _xGeneralia |
||
| 942 | _cBOOK | ||
| 999 |
_c19527 _d19527 |
||